| 000 | 00482nam a22001811a 4500 | ||
|---|---|---|---|
| 001 | 18765 | ||
| 003 | OSt | ||
| 005 | 20260204212421.0 | ||
| 008 | 180625s2009||||ck ||||||b||||||||||spa|| | ||
| 020 | _a9588325477 | ||
| 082 | _a620 OS86c | ||
| 100 | _aOswaldo Lozano,Jairo | ||
| 245 | _aConocimientos básicos de Ingeniería/Jairo Oswaldo Lozano | ||
| 264 | _aBogotá:Universidad cooperativa de colombia | ||
| 300 | _a107 | ||
| 650 | _aIngeniería de SistemasÌ | ||
| 942 |
_2ddc _cBK |
||
| 999 |
_c18765 _d18765 |
||